Normal view
MARC view
Entry Término temático
001 - NÚMERO DE CONTROL
- campo de control: 166473
003 - IDENTIFICADOR DEL NÚMERO DE CONTROL
- campo de control: OSt
005 - FECHA Y HORA DE LA ÚLTIMA TRANSACCIÓN
- campo de control: 20220127160939.0
008 - DATOS DE LONGITUD FIJA
- campo de control de longitud fija: 220127|| aca||aabn | a|a d
040 ## - FUENTE DE LA CATALOGACIÓN
- Centro catalogador/agencia de origen: OSt
- Centro/agencia transcriptor: OSt
150 ## - ENCABEZAMIENTO--TÉRMINO DE MATERIA
- Término de materia o nombre geográfico como elemento de entrada: Cenicilla polvorienta de la calabaza Calabaza
- Subdivisión general: Enfermedades Fungicidas
670 ## - FUENTE DE DATOS ENCONTRADOS
- Cita de la fuente: Work cat.: (OSt)201546: Reyes Domínguez, Enrique A. 96814, Control químico de la cenicilla de las cucurbitáceas Erysiphe cichoracearum D. C. en calabacita Cucurbita pepo L. variedad Gray zucchini, en Chapingo, Méx. /
